| Поле | Инд. | ПП | Название | Значение |
|---|---|---|---|---|
| Тип записи | a | |||
| Библиографический уровень | m | |||
| 001 | Контрольный номер | 2fbd97f8-a750-4f64-8b94-5648a1244133 | ||
| 005 | Дата корректировки | 20241225122856.0 | ||
| 008 | Кодируемые данные | 000110 d | ||
| 020 | a | ISBN | 5-86-27-2-032 | |
| 080 | a | Индекс УДК | 911.52(252.51) | |
| 084 | a | Индекс другой классификации/Индекс ББК | Д821.223 | |
| 090 | c | Каталожный индекс | Д821.223 | |
| x | Авторский знак | С 89 | ||
| a | Полочн. индекс | Д821.2 | ||
| 100 | 1_ | a | Автор | Мордкович Вячеслав Генрихович |
| q | Полное имя | Мордкович В. Г. | ||
| 245 | 00 | a | Заглавие | Судьба степей |
| 260 | 0_ | a | Место издания | Новосибирск |
| b | Издательство | Мангазея | ||
| c | Дата издания | 1997 | ||
| 300 | a | Объем | 207,[1] с.,[4] л. ил. | |
| b | Иллюстрации/ тип воспроизводства | ил., табл. | ||
| 500 | a | Примечание | НАСТОЯЩИЙ МАТЕРИАЛ (ИНФОРМАЦИЯ) ПРОИЗВЕДЕН, РАСПРОСТРАНЕН И (ИЛИ) НАПРАВЛЕН ИНОСТРАННЫМ АГЕНТОМ ДЖ. СОРОСОМ, ЯВЛЯЮЩИМСЯ УЧРЕДИТЕЛЕМ (ЧЛЕНОМ, УЧАСТНИКОМ, РУКОВОДИТЕЛЕМ ИЛИ ЛИЦОМ, ВХОДЯЩИМ В СОСТАВ ОРГАНА ЛИЦ УКАЗАНЫХ В ЧАСТИ 4 СТАТЬИ 9 ФЕДЕРАЛЬНОГО ЗАКОНА «О КОНТРОЛЕ ЗА ДЕЯТЕЛЬНОСТЬЮ ЛИЦ, НАХОДЯЩИХСЯ ПОД ИНОСТРАННЫМ ВЛИЯНИЕМ») ФОНДА «ОТКРЫТОЕ ОБЩЕСТВО», ВКЛЮЧЕННОГО В РЕЕСТР ИНОСТРАННЫХ АГЕНТОВ | |
| 583 | a | Действие | Получение впервые 93 06.02.98 | |
| 653 | 0_ | a | Ключевые слова | Ландшафты |
| a | Ключевые слова | Географические ландшафты | ||
| a | Ключевые слова | Степные ландшафты | ||
| a | Ключевые слова | Степи | ||
| a | Ключевые слова | Экология степей | ||
| 700 | 1_ | a | Другие авторы | Гиляров Алексей Меркурьевич |
| q | Полное имя | Гиляров А. М. | ||
| 700 | 1_ | a | Другие авторы | Тишков Аркадий Александрович |
| q | Полное имя | Тишков А. А. | ||
| 700 | 1_ | a | Другие авторы | Баландин Сергей Александрович |
| q | Полное имя | Баландин С. А. | ||
| 852 | 41 | t | Порядковый номер экземпляра | 1 |
| p | Инвентарный номер | 692612 | ||
| 901 | t | Тип документа | m | |
| 920 | a | Оператор | Алекс | |
| 952 | c | Вид литературы | К рн | |
| 954 | a | Дата поступления на обработку | 09.02.98 |